00837nam a2200253 a 4500003000700000005001700007008004100024040003300065041000800098050002500106100002500131245010800156260004400264300003500308336002800343337003000371338002700401500002400428650001800452650004700470650001900517650002000536650002700556CBULib20240131085739.0180215s2016 ||||||||||||||||| || u aCBULibbEnglishcCBULiberda aeng aCBU-MPHIL THESIS/NGA aNg'ambi, Amos Mugala10aOptimised production of quality biogas acceptable for electricity generationc/ by Amos Mugala Ng'ambi  aKitwe : bCopperbelt University,c2016. axvi, 149 pages : illustrations 2rdacontentaText |btxt 2rdamediaaUnmediated |bn 2rdacarrieraVolumebnc aIncludes References aGAS PRODUCERS aRENEWABLE ENERGY SOURCES--ECONOMIC ASPECTS aBIOMASS ENERGY aBIOGAS - ZAMBIA aWASTE PRODUCTS AS FUEL